Văn học Nhật Bản

Sách trích dịch và giới thiệu một số thông tin về nền văn học Nhật Bản như đặc điểm của văn học Nhật Bản, lịch sử phê bình văn học Nhật Bản, văn học Nhật Bản hiện đại từ cuộc Duy tân Minh Trị đến nay, thơ Nhật Bản hiện đại, một số...

全面介绍

Đã lưu trong:
书目详细资料
主要作者: Nhật chiêu
格式: 图书
语言:Undetermined
出版: Hà Nội Thông Tin KHXH 1998
主题:
标签: 添加标签
没有标签, 成为第一个标记此记录!
Thư viện lưu trữ: Trung tâm Học liệu Trường Đại học Cần Thơ
LEADER 01183nam a2200205Ia 4500
001 CTU_23036
008 210402s9999 xx 000 0 und d
082 |a 895.6 
082 |b V305 
100 |a Nhật chiêu 
245 0 |a Văn học Nhật Bản 
245 0 |c Nhật chiêu; Biên soạn: 1 
260 |a Hà Nội 
260 |b Thông Tin KHXH 
260 |c 1998 
520 |a Sách trích dịch và giới thiệu một số thông tin về nền văn học Nhật Bản như đặc điểm của văn học Nhật Bản, lịch sử phê bình văn học Nhật Bản, văn học Nhật Bản hiện đại từ cuộc Duy tân Minh Trị đến nay, thơ Nhật Bản hiện đại, một số nhà văn tiêu biểu, văn hóa đại chúng ở Nhật Bản hiện nay, các tạp chí văn học Nhật Bản, việc giới thiệu và nghiên cứu văn học Nhật Bản ở Việt Nam 
526 |a Văn học Châu Á 
526 |b SG218 
650 |a japanese literature - history and criticism 
980 |a Trung tâm Học liệu Trường Đại học Cần Thơ